Movies Quiz

Random Movies or Box Office Quiz

The Highest Grossing Movie That... II Quiz Stats

 Plays Quiz Updated Feb 1, 2018

Challenge
Share
Tweet
Embed
Score 0/13 Timer 07:00
1 Play Today
Name the highest grossing movie that... Movie % Correct
...opened in the twentieth centuryTitanic
88.6%
...was directed by Wes AndersonThe Grand Budapest Hotel
38.2%
...is rated GThe Lion King
33.6%
...stars Brad PittWorld War Z
27.6%
...was scored by Hans ZimmerThe Dark Knight
27.4%
...was animatedFinding Dory
22.4%
...stars Amy AdamsBatman v Superman: Dawn of Justice
17.8%
...is a video game adaptationLara Croft: Tomb Raider
14.9%
...has a period in the titleE.T.: The Extra-Terrestrial
11.3%
...is a horror movieIt
7.9%
...starts with a 'W'Wonder Woman
6.5%
...has a four-letter titleSing
2.9%
...opened in OctoberGravity
2.9%

You're not logged in!

Compare scores with friends on all Sporcle quizzes.
Join for Free
OR
Log In

You Might Also Like...

Show Comments

Extras

Top Quizzes Today


Score Distribution

Your Account Isn't Verified!

In order to create a playlist on Sporcle, you need to verify the email address you used during registration. Go to your Sporcle Settings to finish the process.

Report this User

Report this user for behavior that violates our Community Guidelines.

Details: